00851cam a22002411 450000100060000000300080000600500170001400800390003102000100007003500190008004000230009904100080012208200250013010000350015524501190019026000660030930000190037549000490039450500740044365000120051770000310052983000490056030195BD-RjUL20211209051528.0140409s19501932enk 000 0 eng c(V-1) a(BD-RjUL)30280 aDLCcDLCdDLCbeng aeng a170bHAE 1932-672231 aHartmann, Nicolai,d1882-1950.10aEthics /cby Nicolai Hartmann ; translated by Stanton Coit (authorized version) introduction by J. H. Muirhead ... aLondon :bG. Allen & Unwin Ltd. ;cC1932 [impression 1950-67] aVol. ;c22 cm.0 aLibrary of philosophy, ed. by J. H. Muirhead0 aVol. 1 (Moral phenomena). -- II. Moral values. -- III. Moral freedom. 0aEthics.1 aCoit, Stanton,d1857-1944. aLibrary of philosophy, ed. by J. H. Muirhead